| 000 | 00905nam0a22002411i 4500 | ||
|---|---|---|---|
| 001 | rc\794599 | ||
| 005 | 20240726050628.0 | ||
| 035 | _a(NLR Aleph) 006319562 | ||
| 090 |
_a7437442 _c7437442 |
||
| 100 | _a20040301d1983 u |0rusy50 ca | ||
| 101 | 0 | _arus | |
| 102 | _aRU | ||
| 105 | _ay ||||||||| | ||
| 200 | 1 |
_aРезервы экономии затрат живого и овеществленного труда в овцеводстве _e(На материалах КазССР) _eАвтореф. дис. на соиск. учен. степ. к. э. н. |
|
| 210 |
_aФрунзе _d1983 |
||
| 215 | _a23 с. | ||
| 300 | _aВ надзаг.: АН КиргССР, Ин-т экономики | ||
| 320 | _aБиблиогр.: с. 23 | ||
| 700 | 1 |
_aЕспаев _bС.С. _gСакен Сыбынбаевич |
|
| 801 | 0 |
_aRU _bNLR _gpsbo |
|
| 801 | 1 |
_aRU _bELAR _2rusmarc |
|
| 852 |
_aNLR _j85-4/36667 |
||
| 942 | _cBOOK | ||